Paroles - Je ne pense qu'à ça (Lenaïg) - Statistiques

Statistiques générales
  • Ce quiz a été pris 17 fois
  • Le résultat moyen est 306 sur 352
Statistiques - réponses
Paroles % Correct
à
100%
a
100%
ai
100%
c’
100%
Ça
100%
ça
100%
De
100%
de
100%
en
100%
Il
100%
J’
100%
j’
100%
je
100%
Je
100%
l’
100%
m’
100%
n’
100%
pense
100%
qu’
100%
s’
100%
t’
100%
T’
100%
des
91%
est
91%
faut
91%
la
91%
La
91%
ma
91%
Ma
91%
Mais
91%
ne
91%
on
91%
On
91%
que
91%
rien
91%
se
91%
sens
91%
te
91%
toi
91%
aille
82%
aime
82%
as
82%
encore
82%
le
82%
mon
82%
Mon
82%
Non
82%
nuit
82%
peur
82%
plus
82%
quand
82%
représailles
82%
sais
82%
tout
82%
Tu
82%
veux
82%
Comme
73%
crois
73%
dans
73%
devient
73%
difficile
73%
dors
73%
du
73%
les
73%
Même
73%
moi
73%
mort
73%
parfois
73%
pour
73%
réveille
73%
si
73%
trouvé
73%
vie
73%
bons
64%
brisé
64%
but,
64%
cœur
64%
déteste
64%
ego
64%
erreur
64%
étais
64%
extrêmes
64%
grosse
64%
impossible
64%
matadors
64%
or
64%
perdu
64%
pourquoi?
64%
Pourquoi
64%
prouver
64%
temps
64%
trésor
64%
vis
64%
voie
64%
notion
55%
Ouais
55%
présent
55%
rends
55%
tes
55%
braqué
45%
sous
45%
volé
45%
étouffe
36%
mots
36%
poids
36%
repousse
36%
Aucun quiz correspondant
Distribution des résultats
% des personnes avec chaque résultat
Percentile par nombre de réponses
Votre historique - résultats
Vous n’avez pas pris ce quiz